LIBRARY & INFORMATION CENTRE, KCAET, TAVANUR

ONLINE PUBLIC ACCESS CATALOGUE (OPAC)

Diseases of crop plants in India / (Record no. 11080)

MARC details
000 -LEADER
fixed length control field 00381cam a2200145ua 4500
003 - CONTROL NUMBER IDENTIFIER
control field OSt
008 - FIXED-LENGTH DATA ELEMENTS--GENERAL INFORMATION
fixed length control field 211116b ||||| |||| 00| 0 eng d
082 ## - DEWEY DECIMAL CLASSIFICATION NUMBER
Classification number 632.3
Item number RAN/DI
100 ## - MAIN ENTRY--AUTHOR NAME
Personal name Rangaswami, G .
245 ## - TITLE STATEMENT
Title Diseases of crop plants in India /
250 ## - EDITION STATEMENT
Edition statement 2 /
260 ## - PUBLICATION, DISTRIBUTION, ETC. (IMPRINT)
Place of publication New Delhi :
Name of publisher Prentice Hall of India Pvt Ltd. ,
Year of publication 1984.
300 ## - PHYSICAL DESCRIPTION
Number of Pages 520 ; .
942 ## - ADDED ENTRY ELEMENTS (KOHA)
Koha item type Books
Holdings
Withdrawn status Lost status Damaged status Home library Current library Date acquired Full call number Accession Number Koha item type
      KAUAET KAUAET 26/03/1986 632.3 15197 Books
      KAUAET KAUAET 16/11/2021 632.3 RAN/DI 15685 Books
      KAUAET KAUAET 30/09/2022 632.3 RAN/DI 15196 Books
free website counter